Most Popular Songs in USA 4/18/2026 - Statistics

General Stats
  • This quiz has been taken 11 times
  • The average score is 9 of 15
Answer Stats
Rank Artist (Version) Answer Streams Radio Airplay Sales % Correct
7. HUNTR/X Golden 10.8 Million 44 Million 2 Thousand
100%
3. Bruno Mars I Just Might 10.9 Million 80.7 Million 2.5 Thousand
91%
4. Alex Warren Ordinary 13.2 Million 52.2 Million 1.5 Thousand
82%
11. Taylor Swift The Fate Of Ophelia 9 Million 43.7 Million 1 Thousand
82%
15. Taylor Swift Opalite 7.6 Million 42.6 Million 1 Thousand
73%
1. Ella Langley Choosin' Texas 26.5 Million 42.4 Million 9 Thousand
64%
2. Olivia Dean Man I Need 13.9 Million 69.1 Million 1.5 Thousand
64%
9. PinkPantheress, Zara Larsson Stateside 13.4 Million 18.6 Million 0.5 Thousand
64%
6. Olivia Dean So Easy (To Fall In Love) 11.3 Million 51.2 Million 1.5 Thousand
55%
12. Raye Where Is My Husband! 8.8 Million 41.6 Million 2 Thousand
55%
14. Bruno Mars Risk It All 10.7 Million 22.8 Million 1.5 Thousand
45%
10. Kehlani Folded 6.8 Million 63.1 Million 0.5 Thousand
36%
5. BTS SWIM 11.9 Million 21.9 Million 33 Thousand
36%
8. Ella Langley Be Her 14.7 Million 17.3 Million 2.5 Thousand
27%
13. Luke Combs Sleepless in a Hotel Room 10 Million 33 Million 1 Thousand
27%
No matching quizzes found
Score Distribution
Percent of People with Each Score
Percentile by Number Answered
Your Score History
You have not taken this quiz